Vấn đề dân tộc và một số đặc trưng cơ bản trong quan hệ tộc người ở Liên bang Malaixia /

Guardat en:
Dades bibliogràfiques
Autor principal: Phan Thị Hồng Xuân.
Format: Article
Idioma:Vietnamese
Matèries:
Etiquetes: Afegir etiqueta
Sense etiquetes, Sigues el primer a etiquetar aquest registre!
Thư viện lưu trữ: Thư viện Trường Đại học Đà Lạt
LEADER 00801nam a2200253 4500
001 DLU160175334
040 # # |a DLU  |b vie 
041 # # |a vie 
044 # # |a vn 
100 # # |a Phan Thị Hồng Xuân. 
245 # # |a Vấn đề dân tộc và một số đặc trưng cơ bản trong quan hệ tộc người ở Liên bang Malaixia /  |c Phan Thị Hồng Xuân 
653 # # |a Đặc trưng 
653 # # |a Malaixia 
653 # # |a Quan hệ tộc người 
773 # # |t Nghiên cứu Đông Nam Á  |g Số 2, 2003, tr. 71-74 
920 # # |a Phòng Tạp chí -- Trung tâm Thông tin - Thư viện Trường Đại học Đà Lạt 
994 # # |a DLU 
900 # # |a True 
911 # # |a Nguyễn Thị Tưởng 
925 # # |a G 
926 # # |a A 
927 # # |a BB 
980 # # |a Thư viện Trường Đại học Đà Lạt